000 01103nam0a2200277 4500
001 RU\NLR\bibl\1188217
005 20260405062136.0
010 _a5-901071-01-8
_92000
035 _a(NLR Aleph) 001174784
090 _a1620060
_c1620060
100 _a20080213d2008 |||y0rusy50 ca
101 0 _arus
_aeng
102 _aRU
105 _aa |||||||||
200 1 _aАлександр Шилов
_eживопись. Графика
_e[альбом
_fвступ. ст. А. Вишневский]
210 _aМосква
_cРатмир-Вест
_d[2008]
215 _a16 с., [132] л. ил., цв. ил.
_cил., цв. ил.
_d38
300 _aТекст парал. на рус. и англ. яз.
600 1 _aШилов
_bА.М.
_f1943
_gАлександр Максович
_jАльбомы
_91937373
_3RU\NLR\auth\66885022
686 _aЩ143(2Р=Рус)7-8Шилов
700 1 _4070
_8rus
_7ca
_aШилов
_bА.М.
_f1943-
_gАлександр Максович
_3RU\NLR\auth\7720961
_94027
801 0 _aRU
_bNLR
_c20080213
_gRCR
801 1 _aRU
_bNLR
_c20080213
942 _cBOOK
980 _aNB